Huấn luyện thể lực cho cầu thủ bóng đá /
Na minha lista:
| Autor principal: | |
|---|---|
| Outros Autores: | |
| Formato: | Sách giấy |
| Idioma: | Vietnamese |
| Publicado em: |
H. :
Thể dục thể thao,
1979.
|
| Tags: |
Adicionar Tag
Sem tags, seja o primeiro a adicionar uma tag!
|
| Thư viện lưu trữ: | Thư viện Trường Đại học Đà Lạt |
|---|
| LEADER | 00695nam a2200289 4500 | ||
|---|---|---|---|
| 001 | DLU140163265 | ||
| 005 | ##20140818 | ||
| 040 | # | # | |a DLU |b vie |
| 041 | # | # | |a vie |
| 044 | # | # | |a vn |
| 082 | # | # | |a 796.334 |b TR-L |
| 100 | # | # | |a Trần Duy Long. |
| 245 | # | # | |a Huấn luyện thể lực cho cầu thủ bóng đá / |c Trần Duy Long, Trần Duy Ly. |
| 260 | # | # | |a H. : |b Thể dục thể thao, |c 1979. |
| 300 | # | # | |a 90tr. ; |c 19 cm. |
| 700 | # | # | |a Trần Duy Ly. |
| 923 | # | # | |a TL |
| 991 | # | # | |a SH |
| 992 | # | # | |a 0,40 |
| 994 | # | # | |a DLU |
| 900 | # | # | |a True |
| 911 | # | # | |a Nguyễn Thị Tưởng |
| 925 | # | # | |a G |
| 926 | # | # | |a A |
| 927 | # | # | |a SH |
| 980 | # | # | |a Thư viện Trường Đại học Đà Lạt |